El Camino del socialismo cuántico /
En el texto el autor propone una tesis ideológica sobre el "Socialismo Cuántico", el cual no se agota en el socialismo económico, incluye lo político, dirigiéndolo a una democracia radical, la cual promueva una transformación en la política donde los gobiernos descentralicen el poder. Y pa...
সংরক্ষণ করুন:
| প্রধান লেখক: | |
|---|---|
| বিন্যাস: | পাঠ্য |
| ভাষা: | Spanish |
| প্রকাশিত: |
Bogotá:
Norma
2006
|
| বিষয়গুলি: | |
| ট্যাগগুলো: |
ট্যাগ যুক্ত করুন
কোনো ট্যাগ নেই, প্রথমজন হিসাবে ট্যাগ করুন!
|
MARC
| LEADER | 00000 a a2200000 04500 | ||
|---|---|---|---|
| 001 | 19314 | ||
| 003 | cru CIDCACS/IIS | ||
| 005 | 20230606101856.0 | ||
| 008 | 230606e2006 ck ||||| |||| 00| 0 spa d | ||
| 020 | |a 978-958-04-9768-4 | ||
| 022 | |a 978-958-04-9768-4 | ||
| 040 | |c CRAI/IIS | ||
| 090 | |a 03.03.01 A663c | ||
| 100 | |a Araya Monge, Rolando | ||
| 245 | |a El Camino del socialismo cuántico / |c Rolando Araya Monge | ||
| 260 | |a Bogotá: |b Norma |c 2006 | ||
| 300 | |a 386 páginas | ||
| 500 | |a El ejemplar es una fotocopia | ||
| 520 | |a En el texto el autor propone una tesis ideológica sobre el "Socialismo Cuántico", el cual no se agota en el socialismo económico, incluye lo político, dirigiéndolo a una democracia radical, la cual promueva una transformación en la política donde los gobiernos descentralicen el poder. Y para este cambio expone la idea de una visión educativa que ha estado enfocada al materialismo y debe ser sustituida por un holismo centrado en el desarrollo de la conciencia espiritual, creativa y dinámica | ||
| 650 | |a SOCIALISMO | ||
| 650 | |a POLITICA | ||
| 650 | |a IDEOLOGIAS | ||
| 650 | |a DEMOCRACIA | ||
| 942 | |2 ddc |c LI |h 03.03.01 A663c |i 02784 |6 030301_A663C_02784 | ||
| 999 | |c 12624 |d 12624 | ||



